Diskontpolitik Gedanken über englische, französische und deutsche Bank-, Kredit- und Goldpolitik

Salvato in:
Dettagli Bibliografici
Natura: Libro
Lingua:tedesco
Pubblicazione: Leipzig Duncker & Humblot 1911
Tags: Aggiungi Tag
Nessun Tag, puoi essere il primo ad aggiungerne!!

MARC

LEADER 00000nam a2200000 4500
001 0307379
005 20250228101814.4
041 0 |a ger 
044 |a DE 
245 1 0 |a Diskontpolitik  |b Gedanken über englische, französische und deutsche Bank-, Kredit- und Goldpolitik  |c Otto Schwarz 
264 1 |a Leipzig  |b Duncker & Humblot  |c 1911